Rois de Sicile - Statistiques

Statistiques générales
  • Ce quiz a été pris 43 fois
  • Le résultat moyen est 27 sur 42
Statistiques - réponses
Maison/Dynastie Règne Roi/Reine % Correct
Anjou 1266-1282 Charles Ier
93%
Habsbourg 1516-1556 Charles II
93%
1665-1700 Charles III l'Ensorcelé
93%
Habsbourg 1720-1734 Charles IV
93%
Bourbon-Siciles 1734-1759 Charles V
93%
1342-1355 Louis Ier
93%
Hauteville 1062-1085 Robert Ier l'Avisé
80%
1458-1479 Jean Ier
77%
1556-1598 Philippe Ier
77%
1598-1621 Philippe II
77%
1621-1665 Philippe III le Grand
77%
Bourbon 1700-1713 Philippe IV le Brave
77%
Trastamare 1412-1416 Ferdinand Ier le Juste
73%
1479-1516 Ferdinand II
73%
1759-1825 Ferdinand III
73%
1830-1859 Ferdinand IV
73%
Hohenstaufen 1194-1197 Henri Ier le Cruel
73%
1085-1101 Roger Ier le Grand
70%
1105-1130 Roger II
70%
1192-1193 Roger III
70%
Hauteville 1130-1154 Roger II l'Avisé
70%
1198-1250 Frédéric Ier
67%
1296-1337 Frédéric II
67%
1825-1830 François Ier
63%
1859-1861 François II
63%
1154-1166 Guillaume Ier le Mauvais
63%
1193-1194 Guillaume III
63%
1166-1189 Guillaume II le Bon
63%
Barcelone 1282-1285 Pierre Ier le Grand
53%
1337-1342 Pierre II
53%
1189-1194 Tancrède
53%
1250-1254 Conrad Ier
50%
1254-1258 Conrad II
50%
1285-1296 Jacques Ier le Juste
47%
1416-1458 Alphonse Ier le Magnanime
40%
1516-1555 Jeanne Ière
37%
1101-1105 Simon Ier
37%
1377-1401 Marie Ière
33%
1258-1266 Manfred Ier
30%
Savoie 1713-1720 Victor-Amédée Ier
23%
1409-1410 Martin II le Vieux
20%
1390-1409 Martin Ier le Jeune
3%
Aucun quiz correspondant
Distribution des résultats
% des personnes avec chaque résultat
Percentile par nombre de réponses
Votre historique - résultats
Vous n’avez pas pris ce quiz